000 01238nam a2200313 a 4500
001 ebr10477696
003 CaPaEBR
006 m u
007 cr cn|||||||||
008 110707s2001 enk sb 001 0 eng d
020 _z185575262X
020 _z9781855752627
020 _z9781849403238 (e-book)
040 _aCaPaEBR
_cCaPaEBR
035 _a(OCoLC)730501980
050 1 4 _aRC506
_b.R47 2001eb
100 1 _aResnik, Salomon.
245 1 4 _aThe delusional person
_h[electronic resource] :
_bbodily feelings in psychosis /
_cSalomon Resnik ; translated by David Alcorn ; foreword by R. Horacio Etchegoyen.
260 _aLondon ;
_aNew York :
_bKarnac,
_c2001.
300 _axii, 250 p.
504 _aIncludes bibliographical references and index.
533 _aElectronic reproduction.
_bPalo Alto, Calif. :
_cebrary,
_d2011.
_nAvailable via World Wide Web.
_nAccess may be limited to ebrary affiliated libraries.
650 0 _aPsychoanalysis.
655 7 _aElectronic books.
_2local
700 1 _aAlcorn, David.
700 1 _aEtchegoyen, R. Horacio.
710 2 _aebrary, Inc.
856 4 0 _uhttp://site.ebrary.com/lib/rucke/Doc?id=10477696
_zAn electronic book accessible through the World Wide Web; click to view
999 _c118578
_d118578